000 00785nam a2200229Ia 4500
001 17191
003 GE_BSU
008 181216s||||||||xx |||||||||||||| ||und||
040 _cGE_BSU
080 _a821.161.1-32
100 _aპანტელეევი, ა.
245 _aლიონკა პანტელეევი
245 _bავტობიოგრ. მოთხრობა
245 _cთარგმ. მ. კაკაბაძემ. რედ. ბ. ბახტაძე
260 _aთბილისი
260 _bნაკადული
260 _c1962
300 _a426გვ. ; 21სმ.
653 _aავტობიოგრ. მოთხრობა
653 _aლიონკა პანტელეევი
942 _cBK
999 _c50253
_d50253